<?xml version="1.0" encoding="UTF-8"?>
<marc:record xmlns:marc="http://www.loc.gov/MARC21/slim">
   <marc:leader>00000nam a2200000 a 4500</marc:leader>
   <marc:datafield ind1="0" ind2="0" tag="245">
      <marc:subfield code="a">Wie man bis eins zählt</marc:subfield>
   </marc:datafield>
   <marc:datafield ind1="0" ind2="0" tag="245">
      <marc:subfield code="b">(und fang erst gar nicht mit größeren Zahlen an!)</marc:subfield>
   </marc:datafield>
   <marc:datafield ind1="0" ind2="0" tag="245">
      <marc:subfield code="c">Caspar Salmon ; Matt Hunt ; aus dem Englischen von Uwe-Michael Gutzschhahn</marc:subfield>
   </marc:datafield>
   <marc:datafield ind1=" " ind2="1" tag="264">
      <marc:subfield code="a">München</marc:subfield>
      <marc:subfield code="b">Kunstmann</marc:subfield>
      <marc:subfield code="c">2022</marc:subfield>
   </marc:datafield>
   <marc:datafield ind1="1" ind2=" " tag="520">
      <marc:subfield code="a">Quelle: bn.bibliotheksnachrichten (http://www.biblio.at/literatur/bn/index.html); #Autor: Anna Goiginger; #Witziges Buch, in dem es so manches zu zählen gibt. (ab 3) (JD)#Der Titel des Buches verrät es schon - es werden hier keine größeren Nummernberge erklommen, sondern tatsächlich geht es nur um das Zählen bis eins, auch wenn die eine oder andere kleine Zählfalle eingebaut ist: Obwohl auf einer Doppelseite vielleicht auf den ersten Blick fünf gleiche Enten zu sehen sind, soll nur die eine auf Rollschuhen gezählt werden. Konzentration ist also auf ganzer Strecke gefordert.#Am Ende verbergen sich insgesamt 100 Dinge auf den Seiten, die gern nachgezählt werden dürfen. Konzept und Illustrationen sind durchweg witzig und wecken tatsächlich die Freude am (Ver)Zählen. Dieses Buch eignet sich für Kinder, die gerade das Zählen für sich entdecken. Den tatsächlichen Witz verstehen erst etwas ältere Leser*innen, was dem Spaß für die Kleineren aber keinen Abbruch tut.</marc:subfield>
   </marc:datafield>
   <marc:datafield ind1=" " ind2=" " tag="020">
      <marc:subfield code="a">9783956144912</marc:subfield>
      <marc:subfield code="9">9783956144912</marc:subfield>
   </marc:datafield>
   <marc:datafield ind1=" " ind2=" " tag="041">
      <marc:subfield code="a">ger</marc:subfield>
   </marc:datafield>
   <marc:datafield ind1=" " ind2=" " tag="300">
      <marc:subfield code="a">26 ungezählte Seiten</marc:subfield>
   </marc:datafield>
</marc:record>
